| 000 | 00796nam a2200205 i 4500 | ||
|---|---|---|---|
| 001 | 105969 | ||
| 003 | ES-MaACL | ||
| 005 | 20231205164444.0 | ||
| 007 | t| | ||
| 008 | 060915s1959 sp ||||1| spa d | ||
| 080 | _a94(460)"1885/1902" | ||
| 100 | 1 |
_aFernández Almagro, Melchor, _d1893-1966 _949447 |
|
| 245 | 1 | 0 |
_aHistoria política de la España Contemporánea _b: (regencia de Doña María Cristina de Austria durante la menor edad de su hijo Don Alfonso XIII) / _cMelchor Fernández Almagro. |
| 260 |
_aMadrid : _bPegaso, _c1959. |
||
| 300 |
_aXV, 927 p., lám. I-XLIX ; _c22 cm. |
||
| 500 | _aBiblioteca Juan Andrade. | ||
| 651 | 4 |
_aEspaña- _xHistoria- _y1885-1902, Regencia de Maria Cristina de Habsburgo. _98270 |
|
| 852 |
_aES-MaACL _jAND-975 _bR.110263 |
||
| 999 |
_c105969 _d105969 |
||